[Event "4NCL Division 4 South"]
[Site "Telford, ENG"]
[Date "2018.02.11"]
[Round "6.95"]
[White "Judkins, Brian D"]
[Black "John, Joshua"]
[Result "1/2-1/2"]
[WhiteElo "1749"]
[BlackElo "1562"]
[PlyCount "128"]
[EventDate "2018.02.11"]

1. e4 c5 2. Nf3 d6 3. d3 Nc6 4. g3 g6 5. Bg2 Bg7 6. O-O Bg4 7. c3 Nf6 8. h3
Bxf3 9. Bxf3 d5 10. Qe2 dxe4 11. dxe4 Ne5 12. Bg2 Qd3 13. Qxd3 Nxd3 14. Na3
Nxc1 15. Raxc1 O-O 16. Nc4 Rad8 17. Rcd1 e6 18. Ne3 b6 19. f4 e5 20. Rxd8 Rxd8
21. Rd1 Rxd1+ 22. Nxd1 Nh5 23. fxe5 Nxg3 24. e6 fxe6 25. Bf3 Kf7 26. Ne3 b5 27.
Nf1 Nh5 28. Bxh5 gxh5 29. Kf2 Kg6 30. Ne3 Kg5 31. Ng2 Be5 32. Kf3 h4 33. Ke3
Bg3 34. Kf3 h5 35. Ke3 Kf6 36. Kf3 Kg5 37. Ke3 Be5 38. Kf3 a5 39. Ke3 a4 40.
Kd3 c4+ 41. Kd2 Kf6 42. Kc2 Kg5 43. Kd2 Bg7 44. a3 Bh6 45. Ke3 Kf6+ 46. Kd4 Bc1
47. Kc5 Bxb2 48. Kxb5 Bxa3 49. Kxa4 Be7 50. Kb5 Ke5 51. Kxc4 Kxe4 52. Ne1 Kf4
53. Kd3 Bc5 54. Ke2 Kg3 55. Nd3 Bb6 56. c4 Kxh3 57. Kf1 Kg3 58. c5 Bc7 59. Kg1
Kf3 60. c6 Ke3 61. Nc5 e5 62. Nd7 e4 63. Nc5 Kf3 64. Nxe4 Kxe4 1/2-1/2

[Event "4NCL Division 4 South"]
[Site "Telford, ENG"]
[Date "2018.02.11"]
[Round "6.96"]
[White "Kan, Toby"]
[Black "Ribbands, Patrick C"]
[Result "0-1"]
[WhiteElo "1494"]
[BlackElo "1720"]
[PlyCount "96"]
[EventDate "2018.02.11"]

1. e4 c5 2. Nf3 Nc6 3. d4 cxd4 4. Nxd4 e6 5. Nc3 a6 6. Be3 Qc7 7. Qd2 Nxd4 8.
Bxd4 b5 9. Be2 Bb7 10. Bf3 e5 11. Be3 Nf6 12. O-O Be7 13. Rfd1 O-O 14. Nd5 Nxd5
15. exd5 d6 16. Be2 Rac8 17. c3 f5 18. f3 Rf6 19. Bg5 Rg6 20. Be3 Rf8 21. Bd3
Bxd5 22. Bxf5 Bxf3 23. Bxg6 Bxd1 24. Bxh7+ Kxh7 25. Qd3+ g6 26. Rxd1 Qc4 27.
Qxc4 bxc4 28. Rd5 Rb8 29. Ra5 Rxb2 30. Rxa6 Kg8 31. Ra8+ Kf7 32. Ra7 Ke6 33.
Rc7 d5 34. Ra7 Rc2 35. g4 Rxc3 36. Ra6+ Kf7 37. Bh6 d4 38. Ra7 Ke6 39. Ra6+ Kd5
40. Rxg6 Ra3 41. Rg7 Bc5 42. g5 d3+ 43. Kf1 Rxa2 44. Rd7+ Ke6 45. g6 Kxd7 46.
g7 Ra1+ 47. Kg2 Rg1+ 48. Kf3 c3 0-1

[Event "4NCL Division 4 South"]
[Site "Telford, ENG"]
[Date "2018.02.11"]
[Round "6.99"]
[White "Cole, Graham"]
[Black "Lambourne, Dan M"]
[Result "1/2-1/2"]
[WhiteElo "1842"]
[BlackElo "1970"]
[PlyCount "75"]
[EventDate "2018.02.11"]

1. e4 g6 2. d4 Bg7 3. Nc3 d6 4. Be3 c6 5. Qd2 Nf6 6. Bh6 Bxh6 7. Qxh6 Qa5 8.
Bd3 Na6 9. Nge2 Nb4 10. O-O Nxd3 11. cxd3 Qh5 12. Qxh5 Nxh5 13. d5 Bd7 14. dxc6
bxc6 15. d4 O-O 16. h3 Rab8 17. b3 Rfc8 18. Rfd1 Be8 19. Rac1 Kf8 20. e5 f5 21.
f4 Ng7 22. g3 Kf7 23. Kf2 h6 24. h4 Bd7 25. Ng1 Ne8 26. Nf3 Nc7 27. Ke2 Be6 28.
Rd2 Na6 29. Kf2 Nb4 30. Ne1 a5 31. Nd3 Nd5 32. Nxd5 Bxd5 33. Nb2 Rb4 34. Nc4
Bxc4 35. Rxc4 Rxc4 36. bxc4 d5 37. Rc2 Rb8 38. cxd5 1/2-1/2

[Event "4NCL Division 4 South"]
[Site "Telford, ENG"]
[Date "2018.02.11"]
[Round "6.99"]
[White "Brown, Alan M"]
[Black "Hameed, Asif"]
[Result "1-0"]
[WhiteElo "1962"]
[BlackElo "1787"]
[PlyCount "49"]
[EventDate "2018.02.11"]

1. d4 d5 2. c4 c6 3. Nf3 e6 4. e3 Nf6 5. Bd3 dxc4 6. Bxc4 b5 7. Bd3 a5 8. O-O
Ba6 9. Nbd2 c5 10. b3 Nc6 11. Qe2 Qb6 12. Bb2 Nb4 13. Bb1 Rc8 14. dxc5 Bxc5 15.
Ng5 Nbd5 16. Nge4 Nxe4 17. Bxe4 Nf6 18. Bd3 Ke7 19. a4 Rb8 20. Rfc1 Rhd8 21.
Nf3 Nd5 22. Nd4 Nc7 23. Qh5 Bxd4 24. Bxd4 Qd6 25. Bc5 1-0

[Event "4NCL Division 4 South"]
[Site "Telford, ENG"]
[Date "2018.02.11"]
[Round "6.99"]
[White "Burcham, Tony"]
[Black "Valentine, Brian J"]
[Result "0-1"]
[WhiteElo "1624"]
[BlackElo "1904"]
[PlyCount "78"]
[EventDate "2018.02.11"]

1. c4 c5 2. g3 g6 3. Bg2 Bg7 4. Nc3 Nc6 5. d3 e6 6. e4 Nge7 7. Nge2 O-O 8. O-O
a6 9. a3 Rb8 10. Bf4 d6 11. Rb1 Nd4 12. b4 cxb4 13. axb4 b5 14. Qd2 Qd7 15.
Rfc1 Nxe2+ 16. Nxe2 f5 17. f3 e5 18. Be3 Nc6 19. c5 Nd4 20. Nxd4 exd4 21. Bf4
Be5 22. Bh6 Rf7 23. f4 Bg7 24. Bxg7 Kxg7 25. cxd6 fxe4 26. dxe4 Qxd6 27. e5 Qd8
28. Rc6 Bf5 29. Ra1 Rb6 30. Rxa6 Rxa6 31. Rxa6 d3 32. Rd6 Rd7 33. Ra6 Rd4 34.
Ra7+ Kh6 35. g4 Bxg4 36. f5+ g5 37. f6 Rf4 38. Rb7 Qd4+ 39. Kh1 Qa1+ 0-1

[Event "4NCL Division 4 South"]
[Site "Telford, ENG"]
[Date "2018.02.11"]
[Round "6.99"]
[White "Williamson, Kevin J"]
[Black "Henbest, Kevin B"]
[Result "1-0"]
[WhiteElo "1906"]
[BlackElo "1650"]
[PlyCount "63"]
[EventDate "2018.02.11"]

1. d4 Nf6 2. Nc3 g6 3. e4 d6 4. Nf3 Bg7 5. Be2 O-O 6. h3 Nbd7 7. O-O c5 8. Be3
cxd4 9. Nxd4 a6 10. a4 Nc5 11. Bf3 e5 12. Nde2 Ne8 13. Bxc5 f5 14. Ba3 f4 15.
Kh2 g5 16. Qd5+ Kh8 17. Rad1 Rf6 18. Bg4 Bxg4 19. hxg4 Rh6+ 20. Kg1 f3 21. Ng3
fxg2 22. Kxg2 Qd7 23. Nf5 Nc7 24. Qd2 Ne6 25. Nxh6 Nf4+ 26. Kg3 d5 27. Nf5 d4
28. Rh1 Bf6 29. Rh6 Ng6 30. Nd5 Bg7 31. Nxg7 Kxg7 32. Rxh7+ 1-0

[Event "4NCL Division 4 South"]
[Site "Telford, ENG"]
[Date "2018.02.11"]
[Round "6.99"]
[White "Beckett, Richard"]
[Black "Shaw, John S"]
[Result "1-0"]
[WhiteElo "1665"]
[BlackElo "1680"]
[PlyCount "77"]
[EventDate "2018.02.11"]

1. e4 c5 2. Nf3 Nc6 3. d4 cxd4 4. Nxd4 Nf6 5. Nc3 e5 6. Ndb5 d6 7. Bg5 a6 8.
Na3 b5 9. Nd5 Be7 10. Bxf6 Bxf6 11. c3 Bg5 12. Nc2 Ne7 13. Nce3 Be6 14. Be2
Bxe3 15. Nxe3 d5 16. exd5 Nxd5 17. Nxd5 Qxd5 18. Qxd5 Bxd5 19. O-O Ke7 20. a4
Bc4 21. Rfe1 f6 22. f4 Ke6 23. Bg4+ Kd6 24. fxe5+ fxe5 25. Rad1+ Ke7 26. Rxe5+
Kf6 27. Rf5+ Ke7 28. Rc5 Rad8 29. Re1+ Kf6 30. Rc6+ Kg5 31. Bf3 Rd2 32. Rxa6
Rxb2 33. Rb6 Rc8 34. axb5 Rc5 35. Rb7 Kf6 36. b6 Bd5 37. Rc7 Rcb5 38. c4 Rxb6
39. Bxd5 1-0

[Event "4NCL Division 4 South"]
[Site "Telford, ENG"]
[Date "2018.02.11"]
[Round "6.99"]
[White "Miller, Max C"]
[Black "Matilal, Tamal"]
[Result "1-0"]
[WhiteElo "1389"]
[BlackElo "1504"]
[PlyCount "123"]
[EventDate "2018.02.11"]

1. d4 c5 2. d5 b5 3. e4 a6 4. a3 e6 5. dxe6 fxe6 6. b3 Qf6 7. Ra2 Bb7 8. Bb2
Qg6 9. f3 d5 10. exd5 exd5 11. Qd3 Qd6 12. Qe3+ Ne7 13. Qe5 Qxe5+ 14. Bxe5 Nbc6
15. Ba1 d4 16. Ne2 Nf5 17. Nf4 O-O-O 18. Bd3 Re8+ 19. Kf2 Ne3 20. Nd2 Bd6 21.
Nh5 Ne5 22. Be4 N5g4+ 23. Kg1 Bxe4 24. Nxe4 Bxh2+ 25. Rxh2 Nxh2 26. Kxh2 Re5
27. Nhg3 h5 28. Nd6+ Kd7 29. Nf7 Ree8 30. Nxh8 Rxh8 31. Ne4 Kc6 32. c3 Kd5 33.
cxd4 cxd4 34. Kg1 Rh6 35. Rd2 Nf5 36. Nc3+ Ke5 37. Ne2 Rd6 38. Rc2 Rd5 39. b4
Ne3 40. Rc5 Rxc5 41. Bxd4+ Kd5 42. Bxc5 Nc4 43. Nc3+ Ke6 44. Nb1 g5 45. g4 hxg4
46. fxg4 Ne5 47. Be3 Nxg4 48. Bxg5 Ne5 49. Kf1 Kd5 50. Nd2 Nd3 51. Bf6 Ke6 52.
Bh8 Kd5 53. Kg2 Ne1+ 54. Kf2 Nc2 55. Bb2 Nd4 56. Bxd4 Kxd4 57. Nb3+ Kc3 58. Nc5
Kb2 59. Nxa6 Kxa3 60. Ke3 Kb3 61. Kd4 Ka3 62. Kc5 1-0

[Event "4NCL Division 4 South"]
[Site "Telford, ENG"]
[Date "2018.02.11"]
[Round "6.99"]
[White "Covey, Jason"]
[Black "Bennet-Stevens, Lucy"]
[Result "0-1"]
[WhiteElo "1937"]
[BlackElo "1930"]
[PlyCount "106"]
[EventDate "2018.02.11"]

1. e4 c5 2. Nc3 a6 3. f4 e6 4. Nf3 b5 5. d3 Bb7 6. Be2 Be7 7. O-O Nf6 8. b3 Qb6
9. Kh1 d6 10. Bb2 Nc6 11. Qe1 O-O 12. Qg3 Rac8 13. f5 Nd4 14. fxe6 fxe6 15. Bd1
d5 16. exd5 Nxd5 17. Ne2 Nf5 18. Qh3 Nde3 19. Rg1 Nh6 20. Qg3 Bf6 21. Bxf6 Rxf6
22. Nf4 Nhf5 23. Qe1 Qd6 24. Nh3 Ng4 25. Nf2 Nxf2+ 26. Qxf2 Nd4 27. Qe3 Rh6 28.
Qe5 Qd5 29. Qxd5 Bxd5 30. c4 Nxf3 31. gxf3 Bb7 32. Be2 Rf6 33. Raf1 Rcf8 34.
Rg3 Rf5 35. Kg2 b4 36. Kf2 Rf4 37. Rfg1 g6 38. Ke3 e5 39. Rg4 R4f5 40. R1g3 Kf7
41. f4 exf4+ 42. Rxf4 Re8+ 43. Re4 Bxe4 44. dxe4 Rfe5 45. Bf3 Kf6 46. Rg2 Rd8
47. Rf2 Rd4 48. Rf1 Re8 49. Rf2 Red8 50. Bg4+ Ke5 51. Bf3 Rd3+ 52. Ke2 Rd2+ 53.
Ke1 Rxf2 0-1

[Event "4NCL Division 4 South"]
[Site "Telford, ENG"]
[Date "2018.02.11"]
[Round "6.99"]
[White "Samworth-Calvier, Juju"]
[Black "Willmoth, Harrison"]
[Result "1-0"]
[WhiteElo "1907"]
[BlackElo "1892"]
[PlyCount "65"]
[EventDate "2018.02.11"]

1. e4 d6 2. d4 Nf6 3. Nc3 c6 4. f4 Qa5 5. Bd3 e5 6. Nf3 Be7 7. fxe5 dxe5 8.
Nxe5 Be6 9. Bd2 Qb6 10. Nf3 Bg4 11. Na4 Qd8 12. Be3 Qa5+ 13. Nc3 Bb4 14. Bd2
O-O 15. O-O Re8 16. Re1 Qd8 17. e5 Bxf3 18. Qxf3 Qxd4+ 19. Be3 Qxe5 20. Bf2 Qc7
21. Rxe8+ Nxe8 22. Bxh7+ Kf8 23. Bf5 Nf6 24. Ne4 Nxe4 25. Qxe4 Qa5 26. c3 Bc5
27. Bxc5+ Qxc5+ 28. Kh1 g6 29. Bxg6 fxg6 30. Rf1+ Kg7 31. Qe6 Kh6 32. Rf7 Kg5
33. Rf6 1-0

[Event "4NCL Division 4 South"]
[Site "Telford, ENG"]
[Date "2018.02.11"]
[Round "6.99"]
[White "Gilmore, Samuel"]
[Black "Neale, George"]
[Result "1/2-1/2"]
[WhiteElo "1757"]
[BlackElo "1810"]
[PlyCount "55"]
[EventDate "2018.02.11"]

1. d4 d5 2. Nf3 Nf6 3. c4 e6 4. Nc3 Be7 5. Bg5 O-O 6. e3 h6 7. Bh4 Nbd7 8. Bd3
dxc4 9. Bxc4 b6 10. O-O Bb7 11. Re1 c5 12. h3 Rc8 13. Be2 Ne4 14. Bxe7 Qxe7 15.
Bd3 Nxc3 16. bxc3 cxd4 17. cxd4 Rc3 18. e4 Qa3 19. Bb5 Nf6 20. Nd2 Rd8 21. Nb1
Qb2 22. Nxc3 Qxc3 23. Qf3 Qb2 24. Reb1 Qc2 25. Bd3 Qa4 26. Bb5 Qc2 27. Bd3 Qa4
28. Bb5 1/2-1/2

[Event "4NCL Division 4 South"]
[Site "Telford, ENG"]
[Date "2018.02.11"]
[Round "6.99"]
[White "Woods, Timothy J"]
[Black "Kesterson, Kennan"]
[Result "0-1"]
[WhiteElo "1656"]
[BlackElo "1750"]
[PlyCount "44"]
[EventDate "2018.02.11"]

1. e4 e6 2. d4 d5 3. Nc3 Bb4 4. e5 c5 5. a3 Bxc3+ 6. bxc3 Ne7 7. Qg4 Qc7 8.
Qxg7 Rg8 9. Qxh7 cxd4 10. Ne2 Nbc6 11. f4 Bd7 12. Qd3 dxc3 13. Nxc3 a6 14. Rb1
O-O-O 15. Qxa6 Nf5 16. Qa8+ Qb8 17. Qxb8+ Kxb8 18. Rg1 Ncd4 19. Kd1 Rc8 20. Bb2
Ne3+ 21. Ke1 Ndxc2+ 22. Kf2 Ng4+ 0-1

[Event "4NCL Division 4 South"]
[Site "Telford, ENG"]
[Date "2018.02.11"]
[Round "6.99"]
[White "Karia, Devin"]
[Black "Finn, Daniel"]
[Result "1/2-1/2"]
[WhiteElo "1750"]
[BlackElo "1623"]
[PlyCount "74"]
[EventDate "2018.02.11"]

1. d4 d5 2. Nf3 Nf6 3. Bf4 Bf5 4. e3 e6 5. c4 c6 6. Nc3 Be7 7. Be2 O-O 8. h3
Nbd7 9. O-O h6 10. c5 Re8 11. b4 Qc8 12. a4 Bd8 13. b5 Bc7 14. Bxc7 Qxc7 15. a5
Ne4 16. Nxe4 Bxe4 17. b6 Qd8 18. Nd2 Bf5 19. f4 a6 20. Nf3 Bh7 21. Bd3 Bxd3 22.
Qxd3 f5 23. Qe2 Kh8 24. Ne5 Nxe5 25. fxe5 Rf8 26. Rf2 Qe7 27. Raf1 Rf7 28. g4
Raf8 29. gxf5 Rxf5 30. Rxf5 Rxf5 31. Rxf5 exf5 32. Qh5 Qg5+ 33. Qxg5 hxg5 34.
Kf2 Kg8 35. Kg3 g6 36. Kf3 Kf7 37. Kg3 Ke6 1/2-1/2

[Event "4NCL Division 4 South"]
[Site "Telford, ENG"]
[Date "2018.02.11"]
[Round "6.99"]
[White "Jaufarally, Nadia"]
[Black "Stoyanov, Viktor"]
[Result "0-1"]
[WhiteElo "1817"]
[BlackElo "2125"]
[PlyCount "80"]
[EventDate "2018.02.11"]

1. e4 c5 2. Nf3 d6 3. d4 cxd4 4. Nxd4 Nf6 5. Nc3 a6 6. Bd3 g6 7. O-O Bg7 8. Kh1
O-O 9. f4 b5 10. a3 Bb7 11. Be3 Nbd7 12. Qe2 Rc8 13. Nb3 Qc7 14. Rad1 Qb8 15.
Bc1 Nb6 16. Qe3 Ba8 17. Qe2 Nfd7 18. Nb1 Nc4 19. c3 Ncb6 20. N1d2 Na4 21. Bc2
Ndb6 22. Bb1 Qc7 23. Rf2 Nd7 24. Rff1 Nab6 25. Rf2 $11 25... Nf6 26. Rff1 Nh5
27. Nf3 Nc4 28. Nfd2 e5 29. Nxc4 bxc4 30. Na1 exf4 31. Bxf4 Nxf4 32. Rxf4 d5
33. Rf2 Rce8 34. Nc2 Rxe4 35. Qd2 Rh4 36. h3 d4 37. cxd4 Rxh3+ 38. Kg1 Qh2+ 39.
Kf1 Qh1+ 40. Ke2 Re8+ 0-1

[Event "4NCL Division 4 South"]
[Site "Telford, ENG"]
[Date "2018.02.11"]
[Round "6.99"]
[White "Isaksen, Peter A"]
[Black "Sheikh, Nasarullah"]
[Result "1-0"]
[WhiteElo "1945"]
[BlackElo "1683"]
[PlyCount "69"]
[EventDate "2018.02.11"]

1. e4 Nf6 2. e5 Nd5 3. d4 d6 4. c4 Nb6 5. exd6 exd6 6. Nc3 Nc6 7. Nf3 Bg4 8.
Be2 Be7 9. O-O O-O 10. b3 Bf6 11. Bb2 Bxf3 12. Bxf3 Bxd4 13. Bxc6 Bxc3 14. Bxc3
bxc6 15. Qg4 f6 16. Rfe1 Qd7 17. Qg3 Rf7 18. h4 Qf5 19. Re2 Raf8 20. Rae1 Nd7
21. f4 h5 22. Kh2 Qg4 23. Qf2 Nc5 24. Re3 g5 25. g3 Qf5 26. Qf3 d5 27. Bb4 d4
28. Bxc5 Qxc5 29. Re6 g4 30. Qe4 f5 31. Rg6+ Kh8 32. Qe6 Qb4 33. Rh6+ Rh7 34.
Qe5+ Kg8 35. Rg6+ 1-0

[Event "4NCL Division 4 South"]
[Site "Telford, ENG"]
[Date "2018.02.11"]
[Round "6.99"]
[White "Kilcline, Declan A"]
[Black "Kadambadi, Nikhil"]
[Result "0-1"]
[WhiteElo "1675"]
[BlackElo "1922"]
[PlyCount "84"]
[EventDate "2018.02.11"]

1. e4 c6 2. d4 d5 3. e5 Bf5 4. Ne2 e6 5. Ng3 Bg6 6. h4 h6 7. h5 Bh7 8. Bd3 Bxd3
9. cxd3 Nd7 10. Nc3 c5 11. dxc5 Nxe5 12. d4 Nc6 13. O-O Nf6 14. a3 Be7 15. b4
a6 16. Be3 O-O 17. Re1 b6 18. Na4 Nd7 19. Qd2 bxc5 20. bxc5 Bf6 21. Rab1 Rb8
22. Qd3 Qa5 23. Nb6 Nxb6 24. Rxb6 Rxb6 25. cxb6 Qxb6 26. Rb1 Qa7 27. Ne2 Rb8
28. Rxb8+ Nxb8 29. Qc3 Qb7 30. Bf4 Nc6 31. Be5 Bxe5 32. dxe5 Qb5 33. Qe3 Qb1+
34. Kh2 Qf5 35. f4 Qxh5+ 36. Kg3 Ne7 37. Kf2 Nf5 38. Qb6 Qh4+ 39. g3 Qh2+ 40.
Kf3 Qh3 41. Qxa6 $11 41... Qf1+ 42. Kg4 Ne3+ 0-1

[Event "4NCL Division 4 South"]
[Site "Telford, ENG"]
[Date "2018.02.11"]
[Round "6.99"]
[White "Thornley, Oliver"]
[Black "Sheikh, Anum"]
[Result "1-0"]
[WhiteElo "1675"]
[BlackElo "1555"]
[PlyCount "99"]
[EventDate "2018.02.11"]

1. e4 e5 2. Nf3 Nc6 3. Bb5 a6 4. Ba4 Nf6 5. O-O Nxe4 6. Re1 Nc5 7. Bxc6 dxc6 8.
Nxe5 Be7 9. d4 Ne6 10. c3 O-O 11. f4 f6 12. Nd3 f5 13. Qb3 Qd5 14. Nd2 Bd6 15.
Nf3 b5 16. Nde5 Re8 17. Bd2 Qxb3 18. axb3 Bb7 19. c4 c5 20. d5 Nd4 21. Nxd4
cxd4 22. Nd3 c5 23. Ba5 bxc4 24. bxc4 Re4 25. g3 Rc8 26. Kf2 Rb8 27. Re2 Bc8
28. Rae1 Rxe2+ 29. Rxe2 Bd7 30. Rc2 Ba4 31. Rc1 Rb3 32. Ke2 Bd7 33. Ra1 Bc8 34.
Kd2 Kf8 35. Kc2 Rb8 36. Rb1 Bd7 37. Bd2 Ba4+ 38. b3 Bd7 39. Ra1 Bc8 40. Ra4 g6
41. b4 cxb4 42. Bxb4 Bxb4 43. Rxb4 Rxb4 44. Nxb4 Ke8 45. Kd3 Kd7 46. Kxd4 a5
47. Nc2 Ba6 48. Na3 Kd6 49. c5+ Kd7 50. Ke5 1-0

[Event "4NCL Division 4 South"]
[Site "Telford, ENG"]
[Date "2018.02.11"]
[Round "6.99"]
[White "Jaufarally, Mohammud"]
[Black "Clarke, James"]
[Result "0-1"]
[WhiteElo "1540"]
[BlackElo "1577"]
[PlyCount "134"]
[EventDate "2018.02.11"]

1. d4 d5 2. Nf3 Nf6 3. Bf4 c5 4. e3 Nc6 5. c3 Qb6 6. Qb3 c4 7. Qxb6 axb6 8.
Nbd2 b5 9. Be2 Bf5 10. Nh4 Bg4 11. Bxg4 Nxg4 12. h3 Nf6 13. Nhf3 e6 14. O-O Be7
15. Rfe1 b4 16. Ne5 bxc3 17. bxc3 O-O 18. Reb1 Ra7 19. Nxc6 bxc6 20. Rb8 Rxb8
21. Bxb8 Ra8 22. Be5 Ra3 23. Nb1 Ra8 24. Bxf6 gxf6 25. a4 Bd8 26. Kf1 Ba5 27.
Ke2 Kf8 28. Kd2 Ke7 29. f3 f5 30. g4 Rg8 31. Na3 fxg4 32. fxg4 f5 33. Rg1 h5
34. g5 h4 35. Nc2 Kd6 36. Ne1 Bd8 37. Nf3 Kc7 38. Nxh4 Rxg5 39. Rxg5 Bxg5 40.
Nf3 Bh6 41. h4 f4 42. Ng5 fxe3+ 43. Kxe3 Kb6 44. Kf4 Ka5 45. Ke5 Kxa4 46. Nxe6
Kb3 47. Nf4 Bxf4+ 48. Kxf4 Kxc3 49. h5 Kb2 50. h6 c3 51. h7 c2 52. h8=Q c1=Q+
53. Ke5 Qc3 54. Kd6 Kc2 55. Qc8 Kd3 56. Qa6+ Kxd4 57. Qb6+ c5 58. Kc6 Qb4 59.
Qd8 Qa4+ 60. Kd6 Qa6+ 61. Ke7 Qc6 62. Qh8+ Kd3 63. Qh7+ Kc3 64. Qh3+ Kb4 65.
Qd3 c4 66. Qb1+ Kc5 67. Qg1+ d4 0-1

[Event "4NCL Division 4 South"]
[Site "Telford, ENG"]
[Date "2018.02.11"]
[Round "6.99"]
[White "Wilson, Andrew C"]
[Black "Kilcline, Jenny"]
[Result "0-1"]
[WhiteElo "1472"]
[BlackElo "1600"]
[PlyCount "112"]
[EventDate "2018.02.11"]

1. d4 Nf6 2. Nf3 c5 3. c3 e6 4. e3 Nc6 5. Bd3 d5 6. Nbd2 a6 7. O-O b5 8. Re1
Bd6 9. e4 dxe4 10. Nxe4 Nd5 11. Nxd6+ Qxd6 12. Ng5 c4 13. Be4 h6 14. Nh3 O-O
15. Qg4 Nf6 16. Qf3 Bd7 17. Bf4 Qe7 18. Bxc6 Bxc6 19. Qxc6 Rfe8 20. Be5 Ng4 21.
Bf4 g5 22. Qf3 f5 23. Be5 Nxe5 24. Rxe5 g4 25. Qg3 h5 26. Nf4 h4 27. Qe3 Qg5
28. Rxe6 Kf7 29. Re1 Qg8 30. Qe5 Rxe6 31. Qxe6+ Kg7 32. Qg6+ Kh8 33. Qf6+ Qg7
34. Qxh4+ Kg8 35. Ne6 Re8 36. Kf1 Qg6 37. Nf4 Rxe1+ 38. Kxe1 Qe8+ 39. Kf1 Qf7
40. Qg5+ Kh7 41. Qh4+ Kg7 42. Qd8 b4 43. cxb4 c3 44. bxc3 Qc4+ 45. Ne2 Qxa2 46.
g3 Qb1+ 47. Kg2 Qe4+ 48. Kf1 Qb1+ 49. Nc1 Qxc1+ 50. Ke2 Qc2+ 51. Ke3 Qxc3+ 52.
Kf4 Qf3+ 53. Ke5 Qe4+ 54. Kd6 Qxd4+ 55. Kc6 Qxd8 56. Kb7 Qd6 0-1

[Event "4NCL Division 4 South"]
[Site "Telford, ENG"]
[Date "2018.02.11"]
[Round "6.99"]
[White "Webster, Peter AN"]
[Black "Norman, Dinah M"]
[Result "1-0"]
[WhiteElo "2005"]
[BlackElo "1702"]
[PlyCount "73"]
[EventDate "2018.02.11"]

1. e4 d5 2. exd5 Qxd5 3. Nc3 Qa5 4. d4 Nf6 5. Nf3 c6 6. Ne5 Bf5 7. Bd3 Bxd3 8.
Qxd3 e6 9. O-O Be7 10. Bd2 Qd8 11. Rad1 O-O 12. Be3 Nbd7 13. Qe2 Nb6 14. Rd3
Nbd5 15. Bd2 Re8 16. Rd1 Rc8 17. Rh3 b5 18. g4 b4 19. g5 bxc3 20. gxf6 Nxf6 21.
Bxc3 Qd5 22. a3 Qe4 23. Qxe4 Nxe4 24. Bb4 c5 25. dxc5 Bxc5 26. Rf3 Ng5 27. Rc3
Bxb4 28. axb4 Rxc3 29. bxc3 f6 30. Nc6 Ne4 31. c4 Ra8 32. Ra1 Nd6 33. c5 Nb5
34. c4 Nc3 35. Rxa7 Rxa7 36. Nxa7 Kf7 37. c6 1-0

[Event "4NCL Division 4 South"]
[Site "Telford, ENG"]
[Date "2018.02.11"]
[Round "6.99"]
[White "Carter, Dominic A"]
[Black "Fulton, Anthony R"]
[Result "0-1"]
[WhiteElo "1663"]
[BlackElo "2004"]
[PlyCount "100"]
[EventDate "2018.02.11"]

1. e4 d6 2. d4 Nf6 3. Nc3 c6 4. Nf3 Bg4 5. Be2 e6 6. Bg5 Be7 7. Qd2 d5 8. e5
Nfd7 9. Bxe7 Qxe7 10. h3 Bxf3 11. Bxf3 a6 12. Ne2 c5 13. c3 Nc6 14. O-O O-O 15.
Bg4 cxd4 16. cxd4 f6 17. f4 f5 18. Bf3 Rac8 19. Nc3 Qb4 20. Rfd1 Nb6 21. Be2
Ne7 22. a4 Nc4 23. Bxc4 Rxc4 24. Ne2 Rfc8 25. Qxb4 Rxb4 26. Rd2 Rcc4 27. g4
Rxa4 28. Rxa4 Rxa4 29. Kf2 Rb4 30. Ke3 Rb3+ 31. Nc3 b5 32. Kf2 Kf7 33. Kg2 Ke8
34. Rc2 Kd7 35. Ne2 g6 36. Nc1 Rb4 37. Rd2 Nc6 38. Ne2 Na5 39. Nc1 Nc4 40. Nd3
Nxd2 41. Nxb4 a5 42. Nc2 Nc4 43. b4 a4 44. Kf2 a3 45. Ke2 fxg4 46. hxg4 h5 47.
Kf2 hxg4 48. Kg3 a2 49. Na1 Ne3 50. Kf2 Nf5 0-1

[Event "4NCL Division 4 South"]
[Site "Telford, ENG"]
[Date "2018.02.11"]
[Round "6.99"]
[White "Lim, Mark"]
[Black "Goldsmith, Rory"]
[Result "1-0"]
[WhiteElo "1836"]
[BlackElo "1690"]
[PlyCount "109"]
[EventDate "2018.02.11"]

1. d4 d5 2. Nf3 Nf6 3. e3 e6 4. Bd3 Be7 5. c3 b6 6. Nbd2 O-O 7. Ne5 Bb7 8. f4
c5 9. Qf3 a6 10. g4 Nfd7 11. Nf1 Nxe5 12. fxe5 Nd7 13. Bd2 b5 14. Qh3 g6 15.
Ng3 b4 16. Qg2 bxc3 17. Bxc3 Bh4 18. O-O-O cxd4 19. exd4 Qg5+ 20. Kb1 Qxg4 21.
Be2 Qg5 22. Rhf1 Qe7 23. Qh3 Nb6 24. Rf4 Bg5 25. Rg4 Bc6 26. Nh5 Bb5 27. Rxg5
Nd7 28. Nf6+ Nxf6 29. exf6 Qxf6 30. Rg2 Bd7 31. Qg3 Rfc8 32. Rf1 Qe7 33. Rgf2
f5 34. h4 a5 35. Rg1 Kf7 36. Rh2 Rg8 37. Qe5 a4 38. a3 Rab8 39. Ka2 Qd8 40. h5
g5 41. h6 g4 42. Rf2 Qh4 43. Qf4 Kg6 44. Bxg4 Kf6 45. Rh2 Qg5 46. Qe5+ Ke7 47.
Bb4+ Rxb4 48. axb4 fxg4 49. Rhg2 Qf5 50. Qe3 Be8 51. Rf2 Qg6 52. Rfg2 Qf5 53.
Qg3 Bh5 54. Rc1 Qf3 55. Qxf3 1-0

[Event "4NCL Division 4 South"]
[Site "Telford, ENG"]
[Date "2018.02.11"]
[Round "6.99"]
[White "Balakrishnan, Kathirvel"]
[Black "Campbell, Mark C"]
[Result "1/2-1/2"]
[WhiteElo "1586"]
[BlackElo "1901"]
[PlyCount "95"]
[EventDate "2018.02.11"]

1. d4 Nf6 2. Bf4 g6 3. e3 Bg7 4. Bd3 O-O 5. c3 d6 6. h3 Nbd7 7. Nf3 Re8 8. Bh2
e5 9. dxe5 Nxe5 10. Nxe5 dxe5 11. O-O c6 12. Qe2 e4 13. Bc2 Qb6 14. Bb3 a5 15.
Qc2 Qa6 16. a4 b5 17. Nd2 Be6 18. Bxe6 Rxe6 19. axb5 cxb5 20. Nb3 Qb6 21. Nd4
Re7 22. Qb3 Rb7 23. Rfd1 a4 24. Qc2 Rba7 25. Be5 Qb7 26. Bd6 Bf8 27. Ba3 Rc8
28. Qd2 Bxa3 29. Rxa3 Qd5 30. Nc2 Rd7 31. Qxd5 Rxd5 32. Nd4 Nd7 33. Raa1 Ne5
34. Rab1 f5 35. f4 Nc4 36. Kf2 Na5 37. Ke2 Kf7 38. Nc2 Rcd8 39. Nd4 Rc5 40.
Rbc1 Nc4 41. Rc2 Ke7 42. h4 h5 43. g3 Ra8 44. Ra1 a3 45. b4 Rd5 46. Rca2 Rad8
47. Nc6+ Kd7 48. Nxd8 1/2-1/2

[Event "4NCL Division 4 South"]
[Site "Telford, ENG"]
[Date "2018.02.11"]
[Round "6.99"]
[White "Phillips, William"]
[Black "Ryan, John"]
[Result "1/2-1/2"]
[WhiteElo "1857"]
[BlackElo "1532"]
[PlyCount "105"]
[EventDate "2018.02.11"]

1. d4 d5 2. Nf3 Nf6 3. e3 e6 4. Bd3 c5 5. c3 c4 6. Bc2 b5 7. O-O Bd6 8. Nbd2
Bb7 9. b3 Nbd7 10. bxc4 bxc4 11. a4 a5 12. Ba3 Bxa3 13. Rxa3 O-O 14. Ra2 Rb8
15. Rb2 Bc6 16. Rxb8 Qxb8 17. Qa1 Qd6 18. Rb1 Rb8 19. Rxb8+ Qxb8 20. Qa3 h6 21.
h3 Qf8 22. Qb2 Qc8 23. Ne5 Nxe5 24. dxe5 Nd7 25. f4 Qd8 26. Nf3 Qb6 27. Qxb6
Nxb6 28. Nd4 Bxa4 29. Bxa4 Nxa4 30. Nb5 Nc5 31. Kf1 Kf8 32. Ke1 Ke7 33. Kd1 f6
34. exf6+ Kxf6 35. Ke2 Ne4 36. g4 a4 37. h4 a3 38. Nxa3 Nxc3+ 39. Kf3 g5 40.
fxg5+ hxg5 41. h5 Na2 42. e4 Nb4 43. exd5 exd5 44. Nb5 Nc6 45. Ke3 Ne5 46. Kd4
Nxg4 47. Kxd5 Nh6 48. Kxc4 g4 49. Kd3 Kg5 50. Nc3 Kxh5 51. Ne2 Kh4 52. Ke3 Kh3
53. Kf4 1/2-1/2

[Event "4NCL Division 4 South"]
[Site "Telford, ENG"]
[Date "2018.02.11"]
[Round "6.99"]
[White "Rowles, Sarah"]
[Black "Breed, Greg J"]
[Result "0-1"]
[WhiteElo "1514"]
[BlackElo "1755"]
[PlyCount "84"]
[EventDate "2018.02.11"]

1. d4 d5 2. Nf3 Nf6 3. e3 Bg4 4. c4 e6 5. Nbd2 c6 6. b3 Bb4 7. Bb2 Ne4 8. Qc2
Bxf3 9. gxf3 Nxd2 10. O-O-O Nxf1 11. Rhxf1 Nd7 12. c5 Qa5 13. Kb1 f5 14. Rd3
O-O 15. f4 Nf6 16. f3 Rf7 17. Qc1 Qd8 18. a3 Ba5 19. b4 Bc7 20. Rg1 a5 21. Qd2
b6 22. Rc1 axb4 23. axb4 Qb8 24. Rdc3 b5 25. Rd3 Bd8 26. Rcc3 Ra4 27. Ra3 Rfa7
28. Rdb3 Ne8 29. Qc3 Nc7 30. Bc1 Bf6 31. Qd3 Qa8 32. Bb2 Bh4 33. Qc3 Be1 34.
Qxe1 Rxa3 35. Qc3 Rxb3 36. Qxb3 Qe8 37. Qd1 Ra4 38. Bc3 Na6 39. Be1 Nxb4 40.
Qb3 Na6 41. Qd1 Nc7 42. Bd2 Qa8 0-1